US States with the Most Attractive Women - Statistics

General Stats
  • This quiz has been taken 300 times
  • The average score is 5 of 8
Answer Stats
# State with hot women % Correct
2 New York
95%
4 Massachusetts
59%
3 New Jersey
59%
7 Virginia
57%
5 Pennsylvania
53%
1 Connecticut
51%
6 Nevada
45%
8 Michigan
40%
No matching quizzes found
Score Distribution
Percent of People with Each Score
Percentile by Number Answered
Your Score History
You have not taken this quiz